<?xml version="1.0" encoding="UTF-8"?>
<collection xmlns:xsi="http://www.w3.org/2001/XMLSchema-instance" xsi:schemaLocation="http://www.loc.gov/MARC21/slim http://www.loc.gov/standards/marcxml/schema/MARC21slim.xsd" xmlns="http://www.loc.gov/MARC21/slim">
 <record>
  <leader>00000ctm a22000003a 4500</leader>
  <controlfield tag="001">UP-8027390931314002882</controlfield>
  <controlfield tag="003">Buklod</controlfield>
  <controlfield tag="005">20180209091920.0</controlfield>
  <controlfield tag="006">m    |o  d |      </controlfield>
  <controlfield tag="007">ta</controlfield>
  <controlfield tag="008">180209s        xx     d     r    |||| u|</controlfield>
  <datafield tag="035" ind1=" " ind2=" ">
   <subfield code="a">(iLib)UPVIS-00052457815</subfield>
  </datafield>
  <datafield tag="037" ind1=" " ind2=" ">
   <subfield code="a">Gift  8.30.17</subfield>
  </datafield>
  <datafield tag="040" ind1=" " ind2=" ">
   <subfield code="a">VML/ess 02.09.18</subfield>
  </datafield>
  <datafield tag="041" ind1=" " ind2=" ">
   <subfield code="a">eng</subfield>
  </datafield>
  <datafield tag="090" ind1=" " ind2="0">
   <subfield code="a">LG 993 2011 P6 O85</subfield>
  </datafield>
  <datafield tag="100" ind1="0" ind2=" ">
   <subfield code="a">Otico, Maria Lea Bernadeth S.</subfield>
  </datafield>
  <datafield tag="245" ind1="0" ind2="0">
   <subfield code="a">Juvenile deliquency and law enforcement in the Philippines</subfield>
   <subfield code="b">a case of private security law enforcement regarding juvenile delinquency in SM City Iloilo and marymart Center.</subfield>
   <subfield code="c">Maria Lea Bernadeth S. Otico, and Paola Marie C. Viedor.</subfield>
  </datafield>
  <datafield tag="264" ind1=" " ind2="1">
   <subfield code="a">2011.</subfield>
  </datafield>
  <datafield tag="300" ind1=" " ind2=" ">
   <subfield code="a">x, 76 leaves</subfield>
   <subfield code="b">Illustration, tables, and computer print out.</subfield>
  </datafield>
  <datafield tag="500" ind1=" " ind2=" ">
   <subfield code="a">Research Project (Undergraduate, Bachelor of Arts in Political Science) College of Arts and Sciences, University of the Philippines Visayas, Miagao, Iloilo.</subfield>
  </datafield>
  <datafield tag="520" ind1="3" ind2=" ">
   <subfield code="a">The private sector has been a big factor in law enforcement. This research project studied the practice of private security officers stationed in two malls in Iloilo city which are involved in the apprehension of juvenile delinquents in these malls. It examines factors such as social disorganization, organizational structure, training and the general views of the law enforcers towards juvenile delinquents that can affect the way private security guards deal with juvenile delinquents that can affect the way private security guards deal with juvenile delinquents that they can apprehend. We conclude that among these factors, mall structure and training affect how security officers from SM City Iloilo deal with juvenile delinquents; while their personal views regarding juvenile delinquents is the primary factor that affects how security guards from Mary Mart Center deal with juvenile delinquents during their posts.</subfield>
  </datafield>
  <datafield tag="650" ind1="1" ind2="0">
   <subfield code="a">Private Security Officers.</subfield>
  </datafield>
  <datafield tag="650" ind1=" " ind2="0">
   <subfield code="a">Law Enforcement in the Philippines.</subfield>
  </datafield>
  <datafield tag="650" ind1=" " ind2="0">
   <subfield code="a">Juvenile Deliquency.</subfield>
  </datafield>
  <datafield tag="700" ind1="0" ind2=" ">
   <subfield code="a">Viedor, Paola Marie.</subfield>
  </datafield>
  <datafield tag="720" ind1=" " ind2=" ">
   <subfield code="a">Hall, Rosalie Arcala</subfield>
   <subfield code="e">Adviser.</subfield>
  </datafield>
  <datafield tag="852" ind1="0" ind2=" ">
   <subfield code="a">UPVIS</subfield>
   <subfield code="b">UPV-ML</subfield>
   <subfield code="h">LG 993 2011 P6 O85</subfield>
  </datafield>
  <datafield tag="942" ind1=" " ind2=" ">
   <subfield code="a">Thesis</subfield>
  </datafield>
 </record>
</collection>
